| 000 | 00462aam a2200193 4500 | ||
|---|---|---|---|
| 005 | 20170214105644.0 | ||
| 008 | 150804b xxu||||| |||| 00| 0 spa d | ||
| 041 | _aeng | ||
| 082 | _a1.3.4 T689a | ||
| 100 |
_aTorre, Francisco de la _915363 |
||
| 245 | _aAgencias de viajes y transportación | ||
| 250 | _a3 ed. | ||
| 260 | _aMéxico | ||
| 260 | _bTrillas | ||
| 260 | _c1988 | ||
| 300 | _a236 páginas | ||
| 650 |
_aAGENCIAS DE VIAJES _93013 |
||
| 942 | _cBK | ||
| 999 |
_c7097 _d7097 |
||